Chính sách kinh tế Nhật Bản Tập 1
Chính sách tài chính và phát triển kinh tế 1897-1937; Tập trung kiểm soát kinh tế, tổ chức và hiệu quả của ngành công nghiệp dệt, quan hệ với phương Tây trong chính sách kinh tế của Nhật Bản
Spremljeno u:
| Glavni autor: | |
|---|---|
| Format: | Knjiga |
| Jezik: | Vietnamese |
| Izdano: |
H.
Uỷ ban khoa học xã hội Việt Nam Viện Kinh tế thế giới
1988
|
| Teme: | |
| Oznake: |
Dodaj oznaku
Bez oznaka, Budi prvi tko označuje ovaj zapis!
|
| Thư viện lưu trữ: | Mạng thư viện Đại học Đà Nẵng |
|---|
| LEADER | 01368nam a2200337 4500 | ||
|---|---|---|---|
| 001 | 000015041 | ||
| 003 | 11412 | ||
| 005 | 20120521150541.0 | ||
| 008 | 120521s1988 viesd | ||
| 041 | 0 | |a vie | |
| 082 | |a 330.52 |b AL-G | ||
| 100 | 0 | |a Allen, G. C. | |
| 245 | 1 | 0 | |a Chính sách kinh tế Nhật Bản |c Allen, G. C. |n Tập 1 |
| 260 | |a H. |b Uỷ ban khoa học xã hội Việt Nam |b Viện Kinh tế thế giới |c 1988 | ||
| 300 | |a 157tr. |c 19cm | ||
| 520 | |a Chính sách tài chính và phát triển kinh tế 1897-1937; Tập trung kiểm soát kinh tế, tổ chức và hiệu quả của ngành công nghiệp dệt, quan hệ với phương Tây trong chính sách kinh tế của Nhật Bản | ||
| 653 | |a chính sách kinh tế | ||
| 653 | |a tài chính | ||
| 653 | |a công nghiệp | ||
| 653 | |a Nhật Bản | ||
| 773 | |d H. |d 1988 |t Chính sách kinh tế Nhật Bản |w 11411 | ||
| OWN | |a LSP | ||
| AVA | |a UDN50 |b LSP |d 330.52 AL-G |e available |t Error 5001 Not defined in file expand_doc_bib_avail. |f 1 |g 0 |h N |i 0 |k 1 | ||
| 999 | |a From the UDN01 | ||
| AVA | |a UDN50 |b LSP |d 330.52 AL-G |e available |t Error 5001 Not defined in file expand_doc_bib_avail. |f 1 |g 0 |h N |i 0 |k 1 | ||
| TYP | |a Monograph | ||
| TYP | |a Printed language | ||
| 980 | |a Mạng thư viện Đại học Đà Nẵng | ||